|
|
|
|
| LEADER |
00000cas a2200000 c 4500 |
| 001 |
130812293 |
| 003 |
DE-627 |
| 005 |
20260207114447.0 |
| 007 |
tu |
| 008 |
931117d19892008gw z| m| 0 |0ger c |
| 015 |
|
|
|a 09,A22,0727
|2 dnb
|
| 016 |
7 |
|
|a 015447294
|2 DE-101
|
| 016 |
7 |
|
|a 1011630-8
|2 DE-600
|
| 022 |
|
|
|a 0937-7107
|
| 035 |
|
|
|a (DE-627)130812293
|
| 035 |
|
|
|a (DE-576)017850363
|
| 035 |
|
|
|a (DE-599)ZDB1011630-8
|
| 035 |
|
|
|a (OCoLC)613310790
|
| 035 |
|
|
|a (DE-615)00251473
|
| 040 |
|
|
|a DE-627
|b ger
|c DE-627
|e rakwb
|
| 041 |
|
|
|a ger
|
| 044 |
|
|
|c XA-DE
|
| 082 |
0 |
4 |
|a 350
|q DE-101
|
| 082 |
0 |
4 |
|a 340
|q DE-600
|
| 084 |
|
|
|a 89.00
|2 bkl
|
| 245 |
0 |
0 |
|a Jahrbuch für europäische Verwaltungsgeschichte
|b JEV = Annuaire d'histoire administrative européenne = Yearbook of European administrative history
|
| 246 |
1 |
|
|i Nebent.:
|a Annuario per la storia amministrativa europea
|
| 246 |
3 |
1 |
|a Annuaire d'histoire administrative européenne
|
| 246 |
3 |
1 |
|a Yearbook of European administrative history
|
| 246 |
3 |
3 |
|a JEV
|
| 264 |
3 |
1 |
|a Baden-Baden
|b Nomos
|c 1989-2008
|
| 336 |
|
|
|a Text
|b txt
|2 rdacontent
|
| 337 |
|
|
|a ohne Hilfsmittel zu benutzen
|b n
|2 rdamedia
|
| 338 |
|
|
|a Band
|b nc
|2 rdacarrier
|
| 362 |
0 |
|
|a 1.1989 - 20.2008; damit Ersch. eingest.
|
| 363 |
0 |
0 |
|a 1
|i 1989
|
| 363 |
1 |
0 |
|a 20
|i 2008
|
| 591 |
|
|
|a IIA!(08-09-11)
|
| 655 |
|
7 |
|a Monografische Reihe
|0 (DE-588)4179998-7
|0 (DE-627)104628669
|0 (DE-576)209995106
|2 gnd-content
|
| 689 |
0 |
0 |
|d g
|0 (DE-588)4015701-5
|0 (DE-627)104289007
|0 (DE-576)208913092
|a Europa
|2 gnd
|
| 689 |
0 |
1 |
|d s
|0 (DE-588)4063317-2
|0 (DE-627)106128507
|0 (DE-576)209148136
|a Verwaltung
|2 gnd
|
| 689 |
0 |
2 |
|a z
|2 gnd
|a Geschichte
|
| 689 |
0 |
|
|5 DE-101
|
| 889 |
|
|
|w (DE-603)010257020
|
| 889 |
|
|
|w (DE-576)468398090
|
| 889 |
|
|
|w (DE-576)48053070X
|
| 889 |
|
|
|w (DE-627)1739737571
|
| 889 |
|
|
|w (DE-627)1001261569
|
| 889 |
|
|
|w (DE-627)1871397057
|
| 935 |
|
|
|a mteo
|
| 935 |
|
|
|i sdedup20221010
|
| 936 |
b |
k |
|a 89.00
|j Politologie: Allgemeines
|0 (DE-627)106423576
|
| 936 |
s |
n |
|a m100
|2 mzub
|
| 938 |
1 |
0 |
|0 (DE-627)1756204764
|0 (DE-615)6609917
|a Europa
|2 fivt
|
| 938 |
1 |
0 |
|0 (DE-627)1756238707
|0 (DE-615)6606471
|a Verwaltung
|2 fivt
|
| 951 |
|
|
|a ST
|
| ELC |
|
|
|b 1
|
| LOK |
|
|
|0 000 xxxxxcy a22 3n 4500
|
| LOK |
|
|
|0 001 2130641288
|
| LOK |
|
|
|0 003 DE-627
|
| LOK |
|
|
|0 004 130812293
|
| LOK |
|
|
|0 005 20031119000000
|
| LOK |
|
|
|0 008 910809||||||||||||||||ger|||||||
|
| LOK |
|
|
|0 035
|a (DE-600)042418682
|
| LOK |
|
|
|0 040
|a DE-21
|c DE-627
|d DE-21
|
| LOK |
|
|
|0 852
|8 1
|
| LOK |
|
|
|0 852
|a DE-21
|
| LOK |
|
|
|0 852 1
|c ZA 7802
|9 00
|
| LOK |
|
|
|0 85900
|8 1.1
|a 1
|i 1989
|
| LOK |
|
|
|0 85910
|8 1.2
|a 5
|i 1993
|
| LOK |
|
|
|0 86630
|a 1.1989 - 5.1993
|z [N=2-3]
|
| LOK |
|
|
|0 866 0
|z ZLS-WZ
|
| LOK |
|
|
|0 939
|a 09-08-91
|b z01
|
| LOK |
|
|
|0 000 xxxxxcy a22 3n 4500
|
| LOK |
|
|
|0 001 2130641296
|
| LOK |
|
|
|0 003 DE-627
|
| LOK |
|
|
|0 004 130812293
|
| LOK |
|
|
|0 005 20050211000000
|
| LOK |
|
|
|0 008 910809||||||||||||||||ger|||||||
|
| LOK |
|
|
|0 035
|a (DE-600)042418690
|
| LOK |
|
|
|0 040
|a DE-21-24
|c DE-627
|d DE-21-24
|
| LOK |
|
|
|0 852
|8 1
|
| LOK |
|
|
|0 852
|a DE-21-24
|
| LOK |
|
|
|0 852 1
|c Oe H,IVm,74
|9 00
|
| LOK |
|
|
|0 85900
|8 1.1
|a 1
|i 1989
|
| LOK |
|
|
|0 85910
|8 1.2
|i 2000
|
| LOK |
|
|
|0 86630
|a 1.1989 - 12.2000
|
| LOK |
|
|
|0 939
|a 09-08-91
|b z01
|
| LOK |
|
|
|0 000 xxxxxcx a22 zn 4500
|
| LOK |
|
|
|0 001 213064130X
|
| LOK |
|
|
|0 003 DE-627
|
| LOK |
|
|
|0 004 130812293
|
| LOK |
|
|
|0 005 20141023082109
|
| LOK |
|
|
|0 008 950522||||||||||||||||ger|||||||
|
| LOK |
|
|
|0 040
|a DE-21-24
|c DE-627
|d DE-21-24
|
| LOK |
|
|
|0 541
|e 1.1989 - 12.2000
|
| LOK |
|
|
|0 852
|a DE-21-24
|
| LOK |
|
|
|0 852 1
|c Oe H,IVm,74
|m p
|9 00
|
| LOK |
|
|
|0 936ln
|a Oe H,IVm,
|
| LOK |
|
|
|0 938
|k p
|
| LOK |
|
|
|0 939
|a 22-05-95
|b l01
|
| LOK |
|
|
|0 000 xxxxxcx a22 zn 4500
|
| LOK |
|
|
|0 001 2554833842
|
| LOK |
|
|
|0 003 DE-627
|
| LOK |
|
|
|0 004 130812293
|
| LOK |
|
|
|0 005 20071105091335
|
| LOK |
|
|
|0 008 071105||||||||||||||||ger|||||||
|
| LOK |
|
|
|0 040
|a DE-21-31
|c DE-627
|d DE-21-31
|
| LOK |
|
|
|0 852
|a DE-21-31
|
| LOK |
|
|
|0 852 1
|c Einzelsignatur
|m p
|9 00
|
| LOK |
|
|
|0 935
|a kneu
|
| LOK |
|
|
|0 938
|k p
|
| LOK |
|
|
|0 939
|a 05-11-07
|b l01
|
| LOK |
|
|
|0 000 xxxxxcx a22 zn 4500
|
| LOK |
|
|
|0 001 2818710790
|
| LOK |
|
|
|0 003 DE-627
|
| LOK |
|
|
|0 004 130812293
|
| LOK |
|
|
|0 005 20141023082109
|
| LOK |
|
|
|0 008 141023||||||||||||||||ger|||||||
|
| LOK |
|
|
|0 040
|a DE-21-121
|c DE-627
|d DE-21-121
|
| LOK |
|
|
|0 852
|a DE-21-121
|
| LOK |
|
|
|0 852 1
|m p
|9 00
|
| LOK |
|
|
|0 935
|a k121
|a i121
|
| LOK |
|
|
|0 938
|k p
|
| LOK |
|
|
|0 939
|a 23-10-14
|b l01
|
| ORI |
|
|
|a SA-MARC-krimdokb001.raw
|
| SPR |
|
|
|a 1
|t KRI
|